000 01429cam a2200337 a 4500
999 _c10761
_d10761
001 15474494
003 OSt
005 20180919143544.0
008 081002s2009 nyu d 000 1 eng
010 _a 2008039065
020 _a978-1-4063-0763-4
040 _aDLC
_cDLC
042 _alcac
050 0 0 _aPZ7.C5265
_bCkg 2009
082 0 0 _aDFic
_22015
_bC541
100 1 _aClare, Cassandra.
_931341
245 1 0 _aCity of ashes /
_cCassandra Clare.
260 _aNew York :
_bWalker Books,
_c©2015.
300 _a415 pages ;
_c20 cm.
365 _b650.00
_cPhp
440 _aShadow Hunters
_931352
520 _aStill pursuing a cure for her mother's enchantment, Clary uses all her powers and ingenuity to get into Idris, the forbidden country of the secretive Shadowhunters, and to its capital, the City of Glass, where with the help of a newfound friend, Sebastian, she uncovers important truths about her family's past that will not only help save her mother but all those that she holds most dear.
650 1 _aSupernatural
_vFiction.
_931354
650 1 _aDemonology
_vFiction.
_931355
650 1 _aMagic
_vFiction.
_931356
650 1 _aVampires
_vFiction.
_931357
651 1 _aNew York (N.Y.)
_vFiction.
_931358
906 _a7
_bcbc
_corignew
_d1
_eecip
_f20
_gy-gencatlg
942 _2ddc
_cDFIC